Abstencionismo y ausentismo ¿son iguales?
El documento contienen dos ponencias relacionadas con el tema de la participación política, o más bien, de la no participación en los procesos electorales. En la primera ponencia se realiza una distinción entre abstencionismo y ausentismo, lo que constituye el eje fundamental de la exposición. La se...
محفوظ في:
| المؤلف الرئيسي: | |
|---|---|
| التنسيق: | نص |
| منشور في: |
San José:
s.n
|
| الموضوعات: | |
| الوسوم: |
إضافة وسم
لا توجد وسوم, كن أول من يضع وسما على هذه التسجيلة!
|
MARC
| LEADER | 00000 a a2200000 04500 | ||
|---|---|---|---|
| 001 | 32892 | ||
| 003 | |||
| 040 | |||
| 090 | |a 205400 | ||
| 100 | |a Tuesta, Fernando | ||
| 245 | |a Abstencionismo y ausentismo ¿son iguales? | ||
| 260 | |a San José: |b s.n | ||
| 300 | |a pp. 1-6 | ||
| 500 | |a Contenido: Abstención: conceptos y alcances, problemas asociados y posibilidades de superación. Perspectiva política. / Ciska Raventós | ||
| 520 | |a El documento contienen dos ponencias relacionadas con el tema de la participación política, o más bien, de la no participación en los procesos electorales. En la primera ponencia se realiza una distinción entre abstencionismo y ausentismo, lo que constituye el eje fundamental de la exposición. La segunda ponencia se centra en analizar lo que subyace a esa no participación, y reflexiona sobre si una abstención electoral es problemática o no, y en qué sentido lo sería | ||
| 650 | |a PARTICIPACION POLITICA | ||
| 650 | |a TEORIA | ||
| 650 | |a VOTACION | ||
| 650 | |a AUSENTISMO | ||
| 650 | |a SISTEMAS DE MEDICION | ||
| 650 | |a ASPECTOS TECNICOS | ||
| 650 | |a CRISIS POLITICA | ||
| 650 | |a DESIGUALDAD SOCIAL | ||
| 650 | |a MARGINALIDAD | ||
| 650 | |a COMPORTAMIENTO POLITICO | ||
| 999 | |c 16983 |d 16983 | ||
